Les fosses d'Albinyana. Guerra civil, 1936-1939

Furkejuvvon:
Bibliográfalaš dieđut
Váldodahkkit: Iñíguez i Gràcia, David (Dahkki), Santacana i Mestre, Joan (Dahkki)
Materiálatiipa: Girji
Giella:katalánagiella
Almmustuhtton: Barcelona, España Llibres de Matrícula 2003
Ráidu:Cartipàs, 8
Fáttát:
Fáddágilkorat: Lasit fáddágilkoriid
Eai fáddágilkorat, Lasit vuosttaš fáddágilkora!

MARC

LEADER 00000nam a2200000 a 4500
001 UCL3555
003 CL-VaPUC
005 20241121130328.0
008 031128e20030000sp |||||||||||||||||cat|d
999 |c 306576  |d 306574 
040 |c Pontificia Universidad Católica de Valparaíso 
082 0 4 |a 946.081 IÑI 2003  |2 21 
100 0 |a Iñíguez i Gràcia, David  |e author  |9 480875 
245 1 4 |a Les fosses d'Albinyana. Guerra civil, 1936-1939 
260 |a Barcelona, España  |b Llibres de Matrícula  |c 2003 
300 |a 93 páginas 
490 0 |a Cartipàs,  |v  8 
583 |a last modification  |c 20171121 11:29:39  |k Rodrigo Vera 
650 0 |a Historia de España  |9 315435 
650 0 |a Guerra civil española  |y 1936-1939  |9 331803 
650 0 |a Problemas sociales  |z ESPAÑA  |9 258537 
700 0 |a Santacana i Mestre, Joan  |e author  |9 480876 
852 |a BIBCUR 
942 |c BK  |2 ddc 
945 |d 20031128 00:00:00  |a cmena 
952 |0 0  |1 0  |2 ddc  |4 0  |6 946_081000000000000_IÑI_2003  |7 0  |8 A  |9 371683  |a BIBHIS  |b BIBHIS  |d 2019-11-21  |i 3968685  |o 946.081 IÑI 2003  |p 3968685  |r 2025-01-20  |t 1  |w 2019-11-21  |y BK  |k HIS 
952 |0 0  |1 0  |2 ddc  |4 0  |6 946_081000000000000_IÑI_2003  |7 0  |8 A  |9 371684  |a BIBHIS  |b BIBHIS  |d 2019-11-21  |i 3968677  |o 946.081 IÑI 2003  |p 3968677  |r 2025-01-20  |t 2  |w 2019-11-21  |y BK  |k HIS 
952 |0 0  |1 0  |2 ddc  |4 0  |6 946_081000000000000_IÑI_2003  |7 0  |8 A  |9 371685  |a BIBHIS  |b BIBHIS  |d 2019-11-21  |i 4159330  |o 946.081 IÑI 2003  |p 4159330  |r 2025-01-20  |t 3  |w 2019-11-21  |y BK  |k HIS